| 000 | 01089nam a2200349 i 4500 | ||
|---|---|---|---|
| 001 | 768714001 | ||
| 003 | CO-MdFUSB | ||
| 005 | 20210315152442.0 | ||
| 007 | ta | ||
| 008 | 720714t1920 enk |||| ||eng|u | ||
| 010 | _a20011702 | ||
| 020 | _a[No incluye ISBN] | ||
| 040 |
_cCO-MdFUSB _dCAP _dUtOrBLW _aCO-MdFUSB _bspa _erda |
||
| 041 | _aeng | ||
| 082 |
_223 _a225.92 _bM478 |
||
| 090 | _aBS2505 | ||
| 100 | 1 |
_aMcNeile, A. H. _d1871-1933. _eautor |
|
| 245 | 1 | 0 |
_aSt. Paul : _bhis life, letters, and Christian doctrine _c/ Alan Hugh McNeile |
| 264 | 1 |
_aCambridge : _bThe University press, _c[1932] |
|
| 264 | 4 | _c© 1932 | |
| 300 |
_a319 páginas : _bmapas ; _c21 cm |
||
| 336 |
_atexto _btxt _2rdacontent. |
||
| 337 |
_asin mediación _bn _2rdamedia. |
||
| 338 |
_avolumen _bnc _2rdacarrier. |
||
| 505 | _aLa vida del San Pablo. -- Las epístolas de San Pablo. -- La doctrina cristiana de San Pablo. | ||
| 563 | _aTapa dura | ||
| 630 | 0 | 7 |
_aBiblia. _pEpístolas Paulinas |
| 650 | 7 |
_aTeología doctrinal _9179 |
|
| 942 | _cBK | ||
| 945 | _aJTF-925 | ||
| 999 |
_c66663 _d66663 |
||